[Event "Santiago"]
[Site "Santiago"]
[Date "1981.??.??"]
[Round "3"]
[White "Velasquez Ojeda, Cesar"]
[Black "Frias, Victor J"]
[Result "0-1"]
[WhiteElo "2320"]
[BlackElo "2430"]

1.e4 c5 2.Nf3 Nc6 3.d4 cxd4 4.Nxd4 e6 5.Nb5 d6 6.Bf4 e5 7.Be3 Nf6 8.Bg5 a6
9.Bxf6 gxf6 10.N5a3 b5 11.c4 b4 12.Nc2 f5 13.exf5 Bxf5 14.Ne3 Bg6 15.Qa4 Rc8
16.Nd2 Bh6 17.Be2 O-O 18.O-O Nd4 19.Bd1 Nf5 20.Re1 Nxe3 21.fxe3 d5 22.Qxb4 d4
23.Nf1 dxe3 24.Be2 Qh4 25.Ng3 Bf4 26.Rf1 Rfd8 27.Rad1 Rxd1 28.Rxd1 Bxg3 29.hxg3 Qxg3
30.Qe1 Qg5 31.b4 Be4 32.Bf1 Rxc4 33.Rc1 Rd4 34.Rd1 Rd2 35.Rxd2 exd2 36.Qd1 Qe3+
37.Kh2 Kf8 38.Bxa6 Qf2 39.Bf1 Bf3  0-1

[Event "Santiago"]
[Site "Santiago"]
[Date "1981.??.??"]
[Round "5"]
[White "Salazar, Hernan"]
[Black "Morovic Fernandez, Ivan"]
[Result "1/2-1/2"]
[WhiteElo "2345"]
[BlackElo "2420"]

1.e4 c5 2.Nf3 e6 3.d4 cxd4 4.Nxd4 Nc6 5.Nb5 d6 6.Bf4 e5 7.Be3 a6 8.N5a3 Nf6
9.Nc3 b5 10.Nd5 Nxd5 11.exd5 Ne7 12.c4 Nf5 13.Bd2 Be7 14.cxb5 O-O 15.Be2 Nd4
16.Bc3 Nxe2 17.Qxe2 Qb6 18.O-O Rb8 19.Qe3 Qxe3 20.fxe3 axb5 21.Bb4 Bd7 22.Rac1 Rfc8
23.Kf2 f6 24.Ke2 Kf7 25.Kd2 Ke8 26.b3 g6 27.Rg1 f5 28.Rgf1 Ra8 29.Rc2 Rxc2+
30.Kxc2 Kd8 31.Kd2 Kc7 32.Rc1+ Kb6 33.Rc2 Rf8 34.Ke2 g5 35.Nb1 f4 36.e4 g4
37.Nd2 f3+ 38.Kf1 fxg2+ 39.Kxg2 h5 40.Nf1 Rf4 41.Bd2 Rf7 42.Be3+ Kb7 43.Rf2 Rxf2+
44.Bxf2 h4  1/2-1/2

[Event "Yerevan"]
[Site "Yerevan"]
[Date "1981.??.??"]
[Round "2"]
[White "Arkhipkin, Yury"]
[Black "Klovsky, Rafail"]
[Result "1/2-1/2"]
[WhiteElo "2360"]
[BlackElo "2200"]

1.e4 c5 2.Ne2 Nc6 3.d4 cxd4 4.Nxd4 e6 5.Nb5 d6 6.Bf4 e5 7.Be3 Nf6 8.N1c3 a6
9.Na3 b5 10.Nd5 Rb8 11.c4 b4 12.Nxf6+ Qxf6 13.Nb1 Qg6 14.Nd2 Be7 15.h4 f5
16.h5 Qf7 17.exf5 Bxf5 18.g4 Be6 19.Bg2 Rc8 20.Qa4 d5 21.Qxa6 O-O 22.cxd5 Bxd5
23.Bxd5 Qxd5 24.Qc4 Qxc4 25.Nxc4 Nd4 26.Rc1 b3 27.axb3 Nxb3 28.Rc2 Na1 29.Rc1 Nb3
30.Rc2  1/2-1/2

[Event "Baile Herculane zt"]
[Site "Baile Herculane"]
[Date "1982.??.??"]
[Round "19"]
[White "Ciocaltea, Victor"]
[Black "Schmidt, Wlodzimierz"]
[Result "1/2-1/2"]
[WhiteElo "2460"]
[BlackElo "2485"]

1.e4 c5 2.Nf3 e6 3.d4 cxd4 4.Nxd4 Nc6 5.Nb5 d6 6.c4 Nf6 7.N5c3 Be7 8.Be2 O-O
9.O-O b6 10.Bf4 Bb7 11.Bg3 Qd7 12.Re1 Rfd8 13.Nd2 Ne5 14.f4 Ng6 15.Rc1 Ne8
16.Bf1 Bf6 17.Nf3 Rac8 18.Bd3 Qe7 19.Qd2 Nh4 20.Nxh4 Bxh4 21.Bxh4 Qxh4 22.Nb5 a6
23.Nd4 Qe7 24.Qf2 h6 25.Rcd1 Nf6 26.b3 Nd7 27.Bb1 Nf6 28.h3 Qc7  1/2-1/2

[Event "Politiken Cup"]
[Site "Copenhagen"]
[Date "1982.??.??"]
[Round "7"]
[White "Ernst, Thomas"]
[Black "Sznapik, Aleksander"]
[Result "0-1"]
[WhiteElo "2355"]
[BlackElo "2440"]

1.e4 c5 2.Nf3 e6 3.d4 cxd4 4.Nxd4 Nc6 5.Nb5 d6 6.c4 Nf6 7.N1c3 a6 8.Na3 Be7
9.Be2 O-O 10.O-O Bd7 11.Be3 b6 12.g4 Bc8 13.f4 Bb7 14.g5 Nd7 15.Qe1 Re8 16.Qg3 Bf8
17.f5 exf5 18.Rxf5 Nc5 19.Raf1 Ne5 20.R5f4 Re7 21.Bxc5 bxc5 22.Nd5 Bxd5 23.cxd5 Qe8
24.Qg2 Qa4 25.Nc4 Nxc4 26.b3 Qxa2 27.Bxc4 Qxg2+ 28.Kxg2 Raa7 29.Bd3 g6 30.h4 Bg7
31.Kh3 Reb7 32.Bc4 a5 33.R4f3 Rb4 34.Rc1 Be5 35.Kg4 a4 36.bxa4 Raxa4 37.Bd3 Ra2
38.Rc2 Ra1 39.Rcf2 h5+ 40.Kh3 Rh1+ 41.Kg2 Rh2+ 42.Kf1 Rh1+  0-1

[Event "Luzern ol (Men)"]
[Site "Luzern"]
[Date "1982.??.??"]
[Round "1"]
[White "Karpov, Anatoly"]
[Black "Small, Vernon A"]
[Result "1-0"]
[WhiteElo "2700"]
[BlackElo "2290"]

1.e4 c5 2.Nf3 e6 3.d4 cxd4 4.Nxd4 Nc6 5.Nb5 d6 6.c4 Nf6 7.N1c3 a6 8.Na3 Be7
9.Be2 O-O 10.O-O b6 11.Be3 Bb7 12.Qb3 Nd7 13.Rfd1 Nc5 14.Qc2 Qc7 15.Qd2 Rad8
16.Nc2 Ne5 17.f3 Ncd7 18.Rac1 Nf6 19.Nd4 Qb8 20.Na4 Ned7 21.b4 Rc8 22.Bf2 Rfe8
23.Nb3 Bc6 24.Nb2 Bb7 25.a4 d5 26.exd5 Bd6 27.g3 exd5 28.c5 bxc5 29.bxc5 Bf8
30.Bd4 Qa8 31.Nd3 Bc6 32.Ra1 Be7 33.Na5 Nb8 34.Bf1 Bd7 35.Rdc1 Nc6 36.Nxc6 Bxc6
37.Nb4 Bb7 38.Bh3 Rc7 39.Qf4 Qd8 40.a5 Nh5 41.Qf5 Bf6 42.Qd3 Bxd4+ 43.Qxd4 Nf6
44.c6 Bc8 45.Bf1 Qd6 46.Qc5 Qxc5+ 47.Rxc5  1-0

[Event "Luzern ol (Men)"]
[Site "Luzern"]
[Date "1982.??.??"]
[Round "7"]
[White "Lobron, Eric"]
[Black "Tal, Mihail"]
[Result "1/2-1/2"]
[WhiteElo "2470"]
[BlackElo "2610"]

1.e4 c5 2.Nf3 Nc6 3.d4 cxd4 4.Nxd4 e6 5.Nb5 d6 6.c4 Nf6 7.N1c3 a6 8.Na3 Be7
9.Be2 O-O 10.O-O b6 11.Be3 Ne5 12.Qb3 Ned7 13.Rfd1 Bb7 14.f3 Re8 15.Bf1 Qc7
16.Rac1 Rac8 17.Kh1 Bf8 18.Bg1 g6 19.Rd4 d5 20.cxd5 exd5 21.exd5 Bc5 22.Rdd1 Bxg1
23.Kxg1 Qc5+ 24.Kh1 b5 25.Nc2 Qf2 26.Nb4 Ne5 27.Qc2 Qh4 28.a3 a5 29.Nc6 Nxd5
30.Rd4 Qh6 31.Nxd5 Rxc6 32.Nc3 Rcc8 33.Rcd1 Nxf3 34.gxf3 Bxf3+ 35.Bg2 Bxd1
36.Qxd1 Qg5 37.h3 Re5 38.Qd2 Qxd2 39.Rxd2 b4 40.axb4 axb4 41.Ne2 Kg7 42.Nd4 Rec5
43.Kh2 Re8 44.Nc6 Rc4 45.Kg3 g5 46.Nd4 Re5 47.Bf1 Rcc5 48.Bg2 Re3+ 49.Kf2 Re8
50.Nc2 Rf5+ 51.Bf3 Rf4 52.Rd5 Kg6 53.Rb5 Rd8 54.Ke3 Rh4 55.Be4+ Kh6 56.Bg2 Re8+
57.Kf2 Rf4+ 58.Bf3  1/2-1/2

[Event "Luzern ol (Men)"]
[Site "Luzern"]
[Date "1982.??.??"]
[Round "8"]
[White "Chia Chee Seng"]
[Black "Yap, Andronico"]
[Result "0-1"]
[WhiteElo "2270"]
[BlackElo "2385"]

1.e4 c5 2.Nf3 e6 3.d4 cxd4 4.Nxd4 Nc6 5.Nb5 d6 6.c4 Nf6 7.N5c3 Be7 8.Be2 O-O
9.O-O b6 10.Be3 Bb7 11.f4 Rc8 12.Bf3 a6 13.Kh1 Qc7 14.Nd2 Nb8 15.Rc1 Nbd7
16.Qe2 Qb8 17.Bg1 e5 18.Nd5 Bxd5 19.exd5 exf4 20.Bg4 Nxg4 21.Qxg4 Ne5 22.Qh5 f5
23.Rc3 b5 24.Qe2 b4 25.Rc2 Bg5 26.Nb3 Rfe8 27.Nd4 Nxc4 28.Ne6 Qb5 29.Rd1 Bf6
30.Qh5 g6 31.Qh3 Nxb2 32.Rc7 Rxc7 33.Nxc7 Nxd1 34.Nxb5 Re1 35.Qf3 axb5 36.Qxf4 Bg5
37.Qf3 Be3 38.h4 Bxg1 39.g3 Bd4+ 40.Kh2 Ne3  0-1

[Event "Minsk"]
[Site "Minsk"]
[Date "1982.??.??"]
[Round "?"]
[White "Rodriguez, Amador"]
[Black "Mochalov, Evgeny V"]
[Result "0-1"]
[WhiteElo "2485"]
[BlackElo "2435"]

1.e4 c5 2.Nf3 Nc6 3.d4 cxd4 4.Nxd4 e6 5.Nb5 d6 6.c4 Nf6 7.N1c3 a6 8.Na3 Be7
9.Be2 O-O 10.O-O Ne5 11.Be3 b6 12.f3 Qc7 13.Rc1 Rb8 14.Rf2 Bd7 15.Bf1 Rb7
16.Rfc2 Qb8 17.Qe2 Re8 18.h3 Ng6 19.Qf2 b5 20.cxb5 axb5 21.Naxb5 Rxb5 22.Nxb5 Bxb5
23.Ba7 Qb7 24.Rc7 Qa6 25.R1c6 Qa4 26.b3 Qa5 27.Bb6 Qb4 28.Bxb5 Qxb5 29.Rc8 h6
30.Qe3 Rxc8 31.Rc1 Kh7 32.a4 Qa6 33.Rc2 Nd7 34.Bd4 e5 35.Bb2 Bg5 36.Qc3 Nc5
37.a5 Nd3 38.Kh2 Nxb2 39.Rxb2 Qf1 40.Qc4 Qe1 41.g3 Be3 42.Rg2 Nh4 43.Qxf7 Bf4
44.Qh5  0-1

[Event "Moscow-ch"]
[Site "Moscow"]
[Date "1982.??.??"]
[Round "7"]
[White "Aseev, Konstantin N"]
[Black "Lutikov, Anatoly S"]
[Result "0-1"]
[WhiteElo "2295"]
[BlackElo "2390"]

1.e4 c5 2.Nf3 Nc6 3.d4 cxd4 4.Nxd4 e6 5.Nb5 d6 6.c4 Nf6 7.N1c3 a6 8.Na3 Be7
9.Be2 b6 10.O-O Bb7 11.Be3 O-O 12.Rc1 Re8 13.Qb3 Nd7 14.Rfd1 Rb8 15.Rd2 Bf8
16.f4 f5 17.exf5 exf5 18.Nd5 Nc5 19.Qc2 Nb4 20.Nxb4 Rxe3 21.Nd5 Bxd5 22.Rxd5 Qe7
23.Bf1 g6 24.Qd2 Re6 25.Nc2 Ne4 26.Qd3 Nf6 27.Nd4 Re3 28.Nc6 Qe6 29.Qd2 Re8
30.Rd3 Rxd3 31.Bxd3 Qc8 32.Nd4 Qc5 33.Bf1 Re4 34.Rd1 d5 35.Kh1 dxc4 36.g3 Ng4
37.Bg2 Re3 38.Ne6 Qb4 39.Bd5 Qxd2 40.Nd4+ Kh8 41.Rxd2 Re1+ 42.Kg2 Bb4  0-1

[Event "Moscow-ch"]
[Site "Moscow"]
[Date "1982.??.??"]
[Round "9"]
[White "Sokolov, Andrei"]
[Black "Vasiukov, Evgeni"]
[Result "1-0"]
[WhiteElo "2425"]
[BlackElo "2495"]

1.e4 c5 2.Nf3 e6 3.d4 cxd4 4.Nxd4 Nc6 5.Nb5 d6 6.c4 Nf6 7.N1c3 a6 8.Na3 Be7
9.Be2 O-O 10.O-O b6 11.Be3 Bb7 12.f4 Nb4 13.Bf3 d5 14.cxd5 exd5 15.e5 Ne4
16.Nab1 a5 17.Nd2 Nc5 18.Nb3 Nxb3 19.Qxb3 Bc5 20.Bf2 Ba6 21.Be2 Nd3 22.Bxc5 Nxc5
23.Qc2 d4 24.Bxa6 dxc3 25.Rad1 Qc7 26.Be2 cxb2 27.Qxb2 Rfd8 28.g3 Na4 29.Rc1 Qd7
30.Qa3 Qd4+ 31.Kg2 Nc5 32.Rfd1 Qa4 33.Qxa4 Nxa4 34.Rc7 Rxd1 35.Bxd1 Nc5 36.Be2 g6
37.Bc4 Ne6 38.Rb7 Rc8 39.Bxe6 Rc2+ 40.Kh3 fxe6 41.Rxb6 Rxa2 42.Kg4 h6 43.Rxe6 Kf7
44.Rf6+ Kg7 45.h4 Ra3 46.h5 gxh5+ 47.Kf5 Rxg3 48.e6 Rb3 49.Rf7+ Kg8 50.Kg6 h4
51.Ra7 Rg3+ 52.Kf6 h3 53.e7  1-0

[Event "Pamporovo"]
[Site "Pamporovo"]
[Date "1982.??.??"]
[Round "7"]
[White "Lukov, Valentin"]
[Black "Kirov, Nino"]
[Result "0-1"]
[WhiteElo "2405"]
[BlackElo "2430"]

1.e4 c5 2.Nf3 Nc6 3.d4 cxd4 4.Nxd4 e6 5.Nb5 d6 6.Bf4 e5 7.Be3 Nf6 8.Bg5 Qa5+
9.Qd2 Nxe4 10.Qxa5 Nxa5 11.Be3 Kd7 12.N1c3 a6 13.Nxe4 axb5 14.Bxb5+ Kc7 15.O-O-O Be6
16.Nc3 Nc4 17.Bxc4 Bxc4 18.b3 Be6 19.Rd3 Kc6 20.Rhd1 b5 21.Kb1 b4 22.Nd5 Bxd5
23.Rxd5 Be7 24.a4 bxa3 25.Ka2 f5 26.f4 Rhd8 27.c4 Bf6 28.c5 Be7 29.R1d2 exf4
30.Bxf4 dxc5 31.Rxf5 Rxd2+ 32.Bxd2 Bf6 33.Bc1 Bc3 34.Rf2 Rd8 35.Rc2 Bb4 36.h3 Rd7
37.Be3 Kd5 38.Bc1 Rf7 39.Be3 h6 40.Kb1 Rf1+ 41.Ka2 Rf7 42.Kb1 Rf5 43.Ka2 Ke4
44.Rf2  0-1

[Event "Albena"]
[Site "Albena"]
[Date "1983.??.??"]
[Round "?"]
[White "Gipslis, Aivars"]
[Black "Kruszynski, Wlodzimierz"]
[Result "1-0"]
[WhiteElo "2475"]
[BlackElo "2435"]

1.e4 c5 2.Nf3 e6 3.d4 cxd4 4.Nxd4 Nc6 5.Nb5 d6 6.c4 Nf6 7.N5c3 Be7 8.Be2 O-O
9.O-O b6 10.Bf4 Bb7 11.Nd2 d5 12.cxd5 exd5 13.e5 Ne4 14.Ndxe4 dxe4 15.Bc4 Nd4
16.Be3 Nf5 17.Qb3 Qc7 18.Bd5 Rad8 19.e6 Bxd5 20.Nxd5 Qe5 21.Nxe7+ Nxe7 22.exf7+ Rxf7
23.Rad1 Rd5 24.Qa4 Ng6 25.Rxd5 Qxd5 26.Rd1 Qf5 27.Rd8+ Nf8 28.Re8 Rd7 29.h3 Qd5
30.Rxe4 b5 31.Qb3 Qxb3 32.axb3 a6 33.Bc5 Ng6 34.Re8+ Kf7 35.Ra8 Rc7 36.b4 Ne5
37.Rxa6 Nd3 38.Bd4 Nxb4  1-0

[Event "Baku"]
[Site "Baku"]
[Date "1983.??.??"]
[Round "?"]
[White "Short, Nigel D"]
[Black "Kirov, Nino"]
[Result "1/2-1/2"]
[WhiteElo "2475"]
[BlackElo "2445"]

1.e4 c5 2.Nf3 e6 3.d4 cxd4 4.Nxd4 Nc6 5.Nb5 d6 6.c4 Nf6 7.N1c3 a6 8.Na3 Be7
9.Be2 O-O 10.O-O b6 11.Be3 Bb7 12.Qb3 Nd7 13.Rfd1 Nc5 14.Qc2 Qc7 15.Qd2 Rac8
16.Rac1 Qb8 17.f3 Rfe8 18.Nc2 Ne5 19.Nd4 Ncd7 20.b3 Nf6 21.Kh1 Ned7 22.Bf1 Rc7
23.Bf2 h6 24.Qb2 Rec8 25.a3 Nh5 26.Be3 Nhf6 27.Rc2 Ne5 28.Rdc1 Nfd7 29.Be2 Bf6
30.Qb1 Nc6 31.Nxc6 Rxc6 32.Na2 R6c7 33.Nb4 Nc5 34.Bf4 Be5 35.Bxe5 dxe5 36.Rd1 Rd8
37.Rcd2 Rcd7 38.Rxd7 Rxd7 39.Rxd7 Nxd7 40.Qd1 Qc7 41.Na2 f5 42.Nc3 fxe4 43.fxe4 Nf6
44.Bf3 Qc5 45.h3 Qd4 46.Qc2 Kf7 47.Kh2 Qe3 48.b4 g5 49.Nd1 Qf4+ 50.Kg1 Bxe4
51.Bxe4 Qxe4 52.Qxe4 Nxe4 53.Ne3 h5 54.Kf1 Nd6 55.Ke2 e4 56.c5 bxc5 57.bxc5 Nf5
58.Nc4 h4 59.Nd2 Nd4+ 60.Ke3 Nc2+ 61.Kxe4 Nxa3 62.Ke5 Ke7 63.Ne4 Nc2 64.Nxg5 a5
65.Nxe6 a4 66.Nd4 Nxd4 67.Kxd4 Kd7 68.Kc4 Kc6 69.Kb4 a3 70.Kxa3 Kxc5 71.Kb3 Kd4
72.Kc2 Ke3 73.Kd1 Kf2  1/2-1/2

[Event "Bor"]
[Site "Bor"]
[Date "1983.??.??"]
[Round "8"]
[White "Campora, Daniel H"]
[Black "Abramovic, Bosko"]
[Result "1/2-1/2"]
[WhiteElo "2485"]
[BlackElo "2480"]

1.e4 c5 2.Nf3 e6 3.d4 cxd4 4.Nxd4 Nc6 5.Nb5 d6 6.c4 Nf6 7.N1c3 a6 8.Na3 Be7
9.Be2 O-O 10.O-O b6 11.Be3 Bd7 12.Rc1 Ra7 13.f3 Qb8 14.Qe1 Rb7 15.Qg3 Rd8
16.Rfd1 Kh8 17.Kh1 Be8 18.Qf2 Ne5 19.Qf1 h6 20.Rd2 g5 21.Rcd1 Bd7 22.g3 Bc6
23.Nc2 Rbd7 24.Nd4 Bb7 25.Kg1 Rg8 26.h3 Rdd8 27.Kh2 Ned7 28.Qf2 Rg6 29.Nc2 h5
30.Rf1 g4 31.Bd4 gxf3 32.Bxf3 Ne5 33.Ne3 Rdg8 34.Rg1 Kh7 35.Qe2 h4 36.Nf1 Bc6
37.a4 Qb7 38.gxh4 Rxg1 39.Bxg1 Nxf3+ 40.Qxf3 Bxe4 41.Qe3 d5 42.Qf4 Qb8 43.Qxb8 Rxb8
44.Nxe4 Nxe4 45.Re2 f5 46.cxd5 exd5 47.Bd4 Bd6+ 48.Kg2 b5 49.axb5 axb5 50.Kf3 f4
51.Nd2 Ng3 52.Re6 Rd8 53.Be5 Nf5 54.Kxf4 Bxe5+ 55.Rxe5 Nd4 56.Ke3 Nc2+ 57.Kf4 Nd4
58.Re7+ Kg6 59.Rb7 Re8 60.Rb6+ Kg7 61.Rb7+ Kh6 62.Rb6+ Kg7 63.h5 Re2 64.Nf1 Re4+
65.Kg5 Nf3+ 66.Kf5 Nd4+ 67.Kg5 Nf3+ 68.Kf5 Nd4+  1/2-1/2

[Event "Buenos Aires-B"]
[Site "Buenos Aires"]
[Date "1983.??.??"]
[Round "9"]
[White "Hernandez, Eduardo"]
[Black "Bronstein, Luis"]
[Result "0-1"]
[WhiteElo "2200"]
[BlackElo "2415"]

1.e4 c5 2.Nf3 e6 3.d4 cxd4 4.Nxd4 Nc6 5.Nb5 d6 6.c4 Nf6 7.N1c3 a6 8.Na3 Be7
9.Be2 O-O 10.O-O b6 11.Be3 Bd7 12.Rc1 Ra7 13.f4 Rb7 14.Bf3 Qb8 15.Qe2 Re8
16.Rfd1 Bf8 17.e5 dxe5 18.Rxd7 Nxd7 19.Bxc6 Rc7 20.Ba4 Rec8 21.Nab1 Bc5 22.f5 Nf6
23.fxe6 Bxe3+ 24.Qxe3 b5 25.Bd1 Rxc4 26.exf7+ Kf8 27.Be2 R4c7 28.Rf1 Qa7
29.Qxa7 Rxa7 30.a3 Rd8 31.Rd1 Rd4 32.Nd2 Rxf7 33.Nf3 Rxd1+ 34.Bxd1 e4 35.Ng5 Rd7
36.Bb3 Rd2 37.Nd1 Ke7 38.Ne6 Rxd1+ 39.Bxd1 Kxe6 40.Kf2 Ke5 41.Be2 Ne8 42.Ke3 Nd6
43.b3 a5 44.b4 axb4 45.axb4 Nc4+ 46.Kf2 Kd4 47.Kg3 Kc3 48.Kf4 e3 49.Ke4 Kd2  0-1

[Event "Gausdal Int"]
[Site "Gausdal"]
[Date "1983.??.??"]
[Round "?"]
[White "Ernst, Thomas"]
[Black "Cramling, Pia"]
[Result "0-1"]
[WhiteElo "2380"]
[BlackElo "2355"]

1.e4 c5 2.Nf3 e6 3.d4 cxd4 4.Nxd4 Nc6 5.Nb5 d6 6.c4 Nf6 7.N1c3 a6 8.Na3 Be7
9.Be2 O-O 10.O-O b6 11.Be3 Ne5 12.Qb3 Ned7 13.Rfd1 Bb7 14.f3 Rc8 15.Rd2 Qc7
16.Qd1 Qb8 17.Bf2 Rfe8 18.Nc2 Ne5 19.Ne3 Bc6 20.a4 Qc7 21.Rb1 Kh8 22.b4 Bb7
23.Qb3 Nh5 24.Ra1 Nf4 25.Bf1 Nh3+ 26.Kh1 Nxf2+ 27.Rxf2 Bf6 28.Rd1 Red8 29.b5 a5
30.Nb1 Nd7 31.Re2 h5 32.Ree1 Be5 33.Qa2 Nc5 34.h3 Bg3 35.Re2 Qe7  0-1

[Event "Gausdal Jubilee"]
[Site "Gausdal"]
[Date "1983.??.??"]
[Round "5"]
[White "Nykopp, Jan Michael F"]
[Black "Fries Nielsen, Jens Ove"]
[Result "1/2-1/2"]
[WhiteElo "2285"]
[BlackElo "2440"]

1.e4 c5 2.Nf3 e6 3.d4 cxd4 4.Nxd4 Nc6 5.Nb5 d6 6.Bf4 e5 7.Be3 Nf6 8.Bg5 Be6
9.N1c3 a6 10.Na3 Rc8 11.Nd5 Bxd5 12.Bxf6 Qa5+ 13.c3 Be6 14.Bg5 b5 15.Nc2 Be7  1/2-1/2

[Event "URS-ch U26"]
[Site "Jurmala"]
[Date "1983.??.??"]
[Round "?"]
[White "Kengis, Edvins"]
[Black "Vyzmanavin, Alexey"]
[Result "1-0"]
[WhiteElo "2445"]
[BlackElo "2460"]

1.e4 c5 2.Nf3 e6 3.d4 cxd4 4.Nxd4 Nc6 5.Nb5 d6 6.c4 Nf6 7.N1c3 a6 8.Na3 Be7
9.Be2 O-O 10.O-O b6 11.Be3 Ne5 12.f3 Bb7 13.Qb3 Ned7 14.Rfd1 Qc7 15.Rac1 Rac8
16.Bf1 Rfe8 17.Kh1 Bf8 18.Bd4 d5 19.cxd5 exd5 20.e5 Rxe5 21.Ne2 Bc5 22.Bxe5 Qxe5
23.Qc3 Qb8 24.Qd2 Ne5 25.Nd4 b5 26.Qf4 Nc4 27.Qxb8 Rxb8 28.Nxc4 dxc4 29.a4 Bd5
30.axb5 axb5 31.Ra1 Be6 32.Nxe6 fxe6 33.g3 e5 34.Ra5 Kf8 35.Bxc4 Bd4 36.Rxb5 Rxb5
37.Bxb5 Bxb2 38.Bc6 g5 39.Rb1 Bd4 40.Rb7 h5 41.Kg2 Bc5 42.Be4 Be7 43.Rb5 Nd7
44.Rd5  1-0

[Event "URS-ch sf"]
[Site "Minsk"]
[Date "1983.??.??"]
[Round "?"]
[White "Balashov, Yuri S"]
[Black "Kochyev, Alexander"]
[Result "1-0"]
[WhiteElo "2540"]
[BlackElo "2475"]

1.e4 c5 2.Nf3 e6 3.d4 cxd4 4.Nxd4 Nc6 5.Nb5 d6 6.c4 Nf6 7.N1c3 a6 8.Na3 Be7
9.Be2 O-O 10.O-O Bd7 11.Be3 Rb8 12.Rc1 Ne5 13.f3 b6 14.Qd2 Rb7 15.Kh1 Qb8
16.f4 Ng6 17.Nc2 b5 18.cxb5 axb5 19.a3 Rd8 20.Nb4 Be8 21.Qe1 d5 22.exd5 exd5
23.Rd1 Bxb4 24.axb4 Bc6 25.f5 Re8 26.Bg5 Ng4 27.Qg3 Qxg3 28.hxg3 N6e5 29.Nxd5 f6
30.Bf4 Rd7 31.Nc3 Rxd1 32.Nxd1 h5 33.Nc3 Rd8 34.Nxb5 Nd3 35.Nc3 Nxb4 36.Kg1 Kh7
37.Rd1 Re8 38.Rd6 Ba8 39.Rd2 Bc6 40.Kf1 Nh2+ 41.Kf2 Ng4+ 42.Bxg4 hxg4 43.Bd6 Rd8
44.Ke3 Nc2+ 45.Rxc2 Rxd6 46.b4 Bb7 47.b5 Kh6 48.Ne4 Rd1 49.Nc5 Bc8 50.b6 Rb1
51.Nd3 Bxf5 52.Rb2 Rd1 53.b7 Rxd3+ 54.Kf4 Rd8 55.Kxf5 Rb8 56.Rb5 Kh5 57.Ke6+  1-0

[Event "URS-ch sf"]
[Site "Minsk"]
[Date "1983.??.??"]
[Round "?"]
[White "Korzubov, Peter"]
[Black "Kochyev, Alexander"]
[Result "1-0"]
[WhiteElo "2450"]
[BlackElo "2475"]

1.e4 c5 2.Nf3 e6 3.d4 cxd4 4.Nxd4 Nc6 5.Nb5 d6 6.Bf4 e5 7.Be3 Nf6 8.Bg5 Be6
9.Bxf6 gxf6 10.Nd2 a6 11.Nc3 Rc8 12.Nc4 Nd4 13.Ne3 Qb6 14.Rb1 Qa5 15.Bd3 Nc6
16.O-O Be7 17.Ncd5 Qd8 18.c3 Bf8 19.b4 Bg7 20.b5 axb5 21.Rxb5 Rb8 22.Qb3 O-O
23.Rxb7 Bh6 24.Rxb8 Nxb8 25.Bb5 Kh8 26.c4 Nd7 27.Bxd7 Bxd7 28.Nf5 Bxf5 29.exf5 Qd7
30.Qd3 Bg7 31.Rd1 Qa4 32.Qb3 Ra8 33.Nc3 Qd7 34.c5 Qxf5 35.cxd6 Qd7 36.Qb5 Rd8
37.Qxd7 Rxd7 38.Ne4 Bf8 39.g4 Kg7 40.Ng3 Kg6 41.Nf5 h5 42.h3 hxg4 43.hxg4 Kg5
44.f3 Ra7 45.Rd2 e4 46.Rd5 Kf4 47.d7 Bc5+ 48.Rxc5 Rxd7 49.fxe4 Kxg4 50.a4 Kf3
51.Rc4 Rd1+ 52.Kh2 Ra1 53.Ng3 Kf4 54.Kh3 Ra3 55.Kh4 Ra2 56.Nh5+ Ke5 57.Kg4 Rf2
58.Ng3 Rf4+ 59.Kh3  1-0

[Event "New York Kavkasian"]
[Site "New York"]
[Date "1983.??.??"]
[Round "?"]
[White "Byrne, Robert E"]
[Black "Bass, Leonid"]
[Result "1/2-1/2"]
[WhiteElo "2515"]
[BlackElo "2460"]

1.e4 c5 2.Nf3 e6 3.d4 cxd4 4.Nxd4 Nc6 5.Nb5 d6 6.c4 Nf6 7.N5c3 Be7 8.Be2 O-O
9.O-O b6 10.Bf4 Bb7 11.Re1 Rc8 12.Nd2 Ne5 13.Rc1 a6 14.Bf1 Nfd7 15.b4 Bg5
16.Be3 Qf6 17.Na4 Bxe3 18.Rxe3 b5  1/2-1/2

[Event "Nis"]
[Site "Nis"]
[Date "1983.??.??"]
[Round "8"]
[White "Chandler, Murray G"]
[Black "Djukic, Zeljko"]
[Result "1/2-1/2"]
[WhiteElo "2485"]
[BlackElo "2370"]

1.e4 c5 2.Nf3 e6 3.d4 cxd4 4.Nxd4 Nc6 5.Nb5 d6 6.c4 a6 7.N5c3 Nf6 8.Be2 Be7
9.O-O O-O 10.Be3 b6 11.Qb3 Rb8 12.Na3 Ne5 13.f3 Ned7 14.Rfd1 Bb7 15.Kh1 Re8
16.Bf4 Qc7 17.Rac1 h6 18.Qc2 Rbc8 19.Qd2 Ne5 20.Be3 Ned7 21.Nab1 Qb8 22.a3 Nc5
23.Rc2 Nb3 24.Qd3 Na1 25.Rcc1 Nb3 26.Rc2 Na1 27.Rcc1  1/2-1/2

[Event "Nis"]
[Site "Nis"]
[Date "1983.??.??"]
[Round "11"]
[White "Jansa, Vlastimil"]
[Black "Ilic, Zoran"]
[Result "0-1"]
[WhiteElo "2445"]
[BlackElo "2430"]

1.e4 c5 2.Nf3 e6 3.d4 cxd4 4.Nxd4 Nc6 5.Nb5 d6 6.c4 a6 7.N5c3 Nf6 8.Be2 Be7
9.O-O O-O 10.Be3 b6 11.Na3 Ne5 12.f3 Bb7 13.Qe1 Qc7 14.Qf2 Ned7 15.Rfd1 Rac8
16.Rac1 Bd8 17.Kh1 Qb8 18.Rc2 Kh8 19.Rcd2 Bc7 20.Nc2 Rg8 21.Nb4 h6 22.Bd4 d5
23.cxd5 Bxh2 24.Qh4 Bg3 25.Qh3 a5 26.dxe6 fxe6 27.Nd3 Rce8 28.e5 Bxe5 29.Nxe5 Nxe5
30.Re1 Rd8 31.Bb5 Nf7 32.Qxe6 Rge8 33.Bxe8 Rxe8 34.Qxf7 Rxe1+ 35.Bg1 Qf4
36.Rd8+ Kh7 37.Rd4 Qxd4  0-1

[Event "Tuzla"]
[Site "Tuzla"]
[Date "1983.??.??"]
[Round "5"]
[White "Campora, Daniel H"]
[Black "Kurajica, Bojan"]
[Result "1-0"]
[WhiteElo "2485"]
[BlackElo "2525"]

1.e4 c5 2.Nf3 e6 3.d4 cxd4 4.Nxd4 Nc6 5.Nb5 d6 6.c4 Nf6 7.N1c3 a6 8.Na3 Be7
9.Be2 O-O 10.O-O b6 11.Be3 Bb7 12.Rc1 Re8 13.Qb3 Nd7 14.Rfd1 Nc5 15.Qc2 Qc7
16.Qb1 Nb4 17.Nc2 Nxc2 18.Qxc2 Nd7 19.f3 Rad8 20.Bf1 Qb8 21.Qf2 Bc6 22.b4 b5
23.cxb5 axb5 24.Ba7 Qb7 25.a4 Ne5 26.Nxb5 Ra8 27.Bb6 d5 28.exd5 exd5 29.a5 Bxb4
30.Nc7 Rxa5 31.Nxe8 Bxe8 32.Bxa5 Bxa5 33.Rb1 Bb4 34.Rd4 Nc6 35.Rdxb4 Nxb4
36.Qc5 Na6 37.Rxb7  1-0

[Event "URS-ch sf"]
[Site "Volgodonsk"]
[Date "1983.??.??"]
[Round "?"]
[White "Kholmov, Ratmir D"]
[Black "Zakharov, Alexander V"]
[Result "1-0"]
[WhiteElo "2480"]
[BlackElo "2380"]

1.e4 c5 2.Nf3 Nc6 3.d4 cxd4 4.Nxd4 e6 5.Nb5 d6 6.c4 Nf6 7.N1c3 a6 8.Na3 Be7
9.Be2 O-O 10.O-O b6 11.Bf4 Bb7 12.Rc1 Ne5 13.Qd4 Qc7 14.Rfd1 Rac8 15.f3 Nxf3+
16.Bxf3 e5 17.Qd2 exf4 18.Qxf4 Qc5+ 19.Kf1 Qe5 20.g3 g6 21.Rc2 h5 22.Re2 Nd7
23.Nd5 Bg5 24.Qxe5 Nxe5 25.Bg2 Bxd5 26.Rxd5 f5 27.exf5 Rxf5+ 28.Kg1 Rcf8
29.b3 Rf2 30.Rxf2 Be3 31.Nc2 Bxf2+ 32.Kh1 Rf6 33.Rd2 a5 34.a3 Kf8 35.Bd5 Ng4
36.Re2 h4 37.Kg2 g5 38.Be6 h3+ 39.Kxh3 Ne5 40.Bd5 b5 41.cxb5 Bc5 42.Ne3  1-0

[Event "Vrnjacka Banja"]
[Site "Vrnjacka Banja"]
[Date "1983.??.??"]
[Round "2"]
[White "Matulovic, Milan"]
[Black "Krnic, Zdenko"]
[Result "1-0"]
[WhiteElo "2490"]
[BlackElo "2430"]

1.e4 c5 2.Nf3 Nc6 3.d4 cxd4 4.Nxd4 e6 5.Nb5 d6 6.c4 Nf6 7.N1c3 a6 8.Na3 Be7
9.Be2 O-O 10.O-O b6 11.Be3 Ne5 12.f3 Bb7 13.Qe1 Qc7 14.Qf2 Ned7 15.Rac1 Rac8
16.Rfd1 Kh8 17.Bf1 Bd8 18.Qd2 Qb8 19.Kh1 Bc7 20.g3 Ng8 21.Bg2 f5 22.exf5 Rxf5
23.f4 Ngf6 24.Bxb7 Qxb7+ 25.Qg2 Rb8 26.Nc2 Rh5 27.Qxb7 Rxb7 28.Kg2 b5 29.cxb5 axb5
30.Nd4 b4 31.Ncb5 Nd5 32.Bf2 Nc5 33.Nxc7 Nxc7 34.Nf3 Ne4 35.Rc4 Nxf2 36.Kxf2 Rd5
37.Rdc1 Rc5 38.Rxc5 dxc5 39.Rxc5 Ra7 40.Nd4 h6 41.Ke2 g5 42.fxg5 hxg5 43.Kd3 Kh7
44.Kc4 Kg6 45.Kb3 Kf6 46.Nc6 Rb7 47.Nxb4 g4 48.Rc4 Kg5 49.Kc2 Nb5 50.Nd3 Nd6
51.Rf4 Rc7+ 52.Kd1 Nc4 53.Re4 Kf5 54.Rf4+ Kg5 55.Re4 Kf5 56.Re2 e5 57.b3 e4
58.Rf2+ Kg5 59.bxc4 exd3 60.Rf4 Ra7 61.c5 Rxa2 62.Rc4 Rxh2 63.c6 Rh8 64.c7 Rc8
65.Kd2 Kf5 66.Kxd3 Ke5 67.Ke3 Kd5  1-0

[Event "Vrnjacka Banja"]
[Site "Vrnjacka Banja"]
[Date "1983.??.??"]
[Round "5"]
[White "Marjanovic, Slavoljub"]
[Black "Abramovic, Bosko"]
[Result "1-0"]
[WhiteElo "2435"]
[BlackElo "2475"]

1.e4 c5 2.Nf3 e6 3.d4 cxd4 4.Nxd4 Nc6 5.Nb5 d6 6.c4 Nf6 7.N1c3 a6 8.Na3 Be7
9.Be2 O-O 10.O-O b6 11.Be3 Re8 12.Rc1 Ne5 13.f3 Bb7 14.Bd4 Ned7 15.Qd2 Qb8
16.Kh1 Bf8 17.Nc2 d5 18.cxd5 exd5 19.Nxd5 Nxd5 20.exd5 Bxd5 21.Bc3 Qb7 22.Rfd1 Bxa2
23.Nd4 Qd5 24.Qc2 Nc5 25.b4 Ne6 26.Bd3 Rad8 27.Bxh7+ Kh8 28.Bf5 Nxd4 29.Rxd4 Qb3
30.Rh4+  1-0

[Event "Vrnjacka Banja"]
[Site "Vrnjacka Banja"]
[Date "1983.??.??"]
[Round "6"]
[White "Matulovic, Milan"]
[Black "Schmidt, Wlodzimierz"]
[Result "1/2-1/2"]
[WhiteElo "2490"]
[BlackElo "2450"]

1.e4 c5 2.Nf3 Nc6 3.d4 cxd4 4.Nxd4 e6 5.Nb5 d6 6.c4 Nf6 7.N1c3 a6 8.Na3 Be7
9.Be2 O-O 10.O-O b6 11.Be3 Bd7 12.f3 Qb8 13.Qe1 Ra7 14.Qf2 Rb7 15.Rfd1 Rd8
16.Rac1 Be8 17.Kh1 Nd7 18.Qf1 Bf6 19.Nab1 Nc5 20.f4 Be7 21.b3 h6 22.Rd2 Rc8
23.Rcd1 Rd8 24.Rc1 Rc8  1/2-1/2